Practical business statistics / (Record no. 24333)

MARC details
000 -LEADER
fixed length control field 00506nam a22001817a 4500
020 ## - INTERNATIONAL STANDARD BOOK NUMBER
ISBN 9789381269299
041 ## - LANGUAGE CODE
Language code of text/sound track or separate title English
082 ## - DEWEY DECIMAL CLASSIFICATION NUMBER
Classification number 650
Item number SIE
100 ## - MAIN ENTRY--AUTHOR NAME
Author name Siegel, Andrew F.
245 ## - TITLE STATEMENT
Title Practical business statistics /
Statement of responsibility, etc Andrew F. Siegel
250 ## - EDITION STATEMENT
Edition statement 6th edition.
260 ## - PUBLICATION, DISTRIBUTION, ETC. (IMPRINT)
Place of publication Noida :
Name of publisher Elsevier ,
Year of publication 2012.
300 ## - PHYSICAL DESCRIPTION
Number of Pages xviii, 619 pages :
Other physical details Illustrations ;
Dimensions 24 cm.
504 ## - BIBLIOGRAPHY, ETC. NOTE
Bibliography, etc Include index.
650 ## - SUBJECT ADDED ENTRY--TOPICAL TERM
Subject Industrial management
General subdivision Statistical methods
942 ## - ADDED ENTRY ELEMENTS (KOHA)
Source of classification or shelving scheme Dewey Decimal Classification
Koha item type Books
Holdings
Withdrawn status Lost status Source of classification or shelving scheme Damaged status Not for loan Home library Current library Shelving location Date acquired Source of acquisition Full call number Accession Number Price effective from Koha item type
    Dewey Decimal Classification     Institute of Public Enterprise, Library Institute of Public Enterprise, Library S Campus 05/04/2026 Donatd by Prof. S.Satesh kumar (IPE Faculty) 650 SIE 51060 05/04/2026 Books

Maintained and Designed by
2cqr automation private limited, Chennai. All Rights Reserved.

You are Visitor Number

PHP Hits Count